000
00345nam a2200133 a 4500
005
20140513081058.0
008
100907s19uu xx 00 eng d
050
_a
VCD
_b
Fa275 2007
245
_a
Favorite bible songs.
260
_b
Twin Sisters,
_c
2007.
500
_a
running time approx.: 60 min.
650
_a
Songs-biblical.
999
_c
116636
_d
116636